| LEADER | 01061nam a2200217 a 4500 | ||
|---|---|---|---|
| 001 | GR-MES1135 | ||
| 008 | 991111s1992 gr 000 0 gre d | ||
| 020 | |a 9602860081 | ||
| 040 | |a GrPaTEI |b gre |c GR-PaULI | ||
| 245 | 0 | 0 | |a Βασικές αρχές της οικονομίας. |
| 260 | |a Αθήνα : |b Ελλην, |c 1992 | ||
| 300 | |a 102σελ. : |b εικ.,πιν.,διαγρ. | ||
| 500 | |a περιέχει βιβλιογραφικές αναφορές | ||
| 650 | 4 | |a Οικονομία | |
| 700 | 1 | |a Κομισόπουλος, Φιλοκτήμων Χ. | |
| 710 | 0 | |a Ελλην | |
| 942 | |2 ddc | ||
| 952 | |0 0 |1 0 |2 ddc |4 0 |6 330_000000000000000_ΚΟΜ |7 0 |9 265037 |a MSLG |b MSLG |c BSC |d 2021-01-17 |e 24 |f 0 |g 0.00 |l 0 |o 330 ΚΟΜ |p 2420000007544 |r 2021-01-17 00:00:00 |t 1 |w 2021-01-17 |y BK15 |x 19991111 0 1 |x GrPaTEI | ||
| 952 | |0 0 |1 0 |2 ddc |4 0 |6 330_000000000000000_ΚΟΜ |7 0 |9 265038 |a MSLG |b MSLG |c BSC |d 2021-01-17 |e 24 |f 0 |g 0.00 |l 0 |o 330 ΚΟΜ |p 2420000012992 |r 2021-01-17 00:00:00 |t 1 |w 2021-01-17 |y BK15 |x 19991111 0 1 |x GrPaTEI | ||
| 971 | |a .b2572177x |b 15-04-20 |c 13-09-16 | ||
| 999 | |c 152410 |d 152410 | ||